| 000 | 00388 a2200145 4500 | ||
|---|---|---|---|
| 005 | 20260310170606.0 | ||
| 008 | 251223b |||||||| |||| 00| 0 eng d | ||
| 020 | _a9780471099550 | ||
| 082 | _a720.22/TIL | ||
| 100 |
_aTilley A R _9216982 |
||
| 245 | _aMeasure Of Man & Women: Human Factors In Design | ||
| 260 |
_bJohn Wiley & Sons _c2002 _aNew York |
||
| 300 |
_a98p _bHB |
||
| 942 | _cDS | ||
| 999 |
_c369468 _d369468 |
||